000 00571nam a2200205Ia 4500
003 GCL
008 140319s9999 xx 000 0 ara d
040 _aGCL /
_cGCL
082 0 4 _a155.4
_bك س
100 1 _aكالفى، جبرييل
245 1 0 _aسيكولوجية طفل الروضة /
_cكالفى، جبرييل
700 1 _aطارق الاشرف
300 _a176 ص
490 _a
650 0 4 _aرياض الاطفال
650 0 4 _aعلم النفس
650 0 4 _aالاطفال - نمو
650 0 4 _aالاطفال - علم نفس
942 _2ddc
_cBK
999 _c39074
_d39074